[Event "Guernsey Open 47th"]
[Site "Guernsey"]
[Date "2023.10.19"]
[Round "5"]
[White "Kennedy, Craig"]
[Black "Murray, J Stephen"]
[Result "1-0"]
[WhiteElo "1797"]
[BlackElo "1702"]
[PlyCount "93"]
[EventDate "2023.10.15"]
[EventType "swiss"]
[EventRounds "7"]
[EventCountry "GCI"]
[SourceVersionDate "2023.10.28"]

1. d4 Nf6 2. Nc3 d5 3. Bf4 e6 4. Nb5 Na6 5. e3 Be7 6. Nf3 O-O 7. Bd3 c6 8. Nc3
Nb4 9. Ne5 Nxd3+ 10. Qxd3 c5 11. g4 cxd4 12. exd4 Qb6 13. O-O Bd6 14. Rad1 Bd7
15. g5 Bxe5 16. dxe5 Nh5 17. Be3 Qc7 18. Bd4 g6 19. Qe3 b6 20. f4 Rfc8 21. f5
Rf8 22. Qh3 Qc4 23. f6 b5 24. Be3 Rfc8 25. Rd4 Qc7 26. Bf4 b4 27. Ne2 Qxc2 28.
Ng3 Qxb2 29. Be3 Bb5 30. Rf2 Qb1+ 31. Kg2 Rc3 32. Nxh5 gxh5 33. Qxh5 Qg6 34.
Qf3 Bd3 35. Kg3 Be4 36. Qf4 a5 37. h4 Qf5 38. h5 Qxf4+ 39. Kxf4 Rc4 40. Rxc4
dxc4 41. Kxe4 Rd8 42. Rd2 Rc8 43. Bb6 a4 44. Ba5 c3 45. Rc2 b3 46. axb3 axb3
47. Rxc3 1-0

[Event "Guernsey Open 47th"]
[Site "Guernsey"]
[Date "2023.10.19"]
[Round "5"]
[White "Downey, Keith"]
[Black "De Kruif, Kees"]
[Result "0-1"]
[WhiteElo "1742"]
[BlackElo "1887"]
[PlyCount "58"]
[EventDate "2023.10.15"]
[EventType "swiss"]
[EventRounds "7"]
[EventCountry "GCI"]
[SourceVersionDate "2023.10.28"]

1. Nf3 c5 2. c4 Nf6 3. g3 g6 4. Bg2 Bg7 5. Nc3 Nc6 6. O-O O-O 7. d4 cxd4 8.
Nxd4 Nxd4 9. Qxd4 d6 10. b3 a6 11. Qd2 Rb8 12. Bb2 b5 13. cxb5 axb5 14. b4 Bb7
15. e4 Qb6 16. h3 Rfc8 17. Rac1 Rc4 18. Nd5 Bxd5 19. exd5 Rbc8 20. Rfe1 Qa7 21.
a3 Nh5 22. Kf1 R8c7 23. Bf3 Bxb2 24. Qxb2 Rxc1 25. Rxc1 Rxc1+ 26. Qxc1 Nf6 27.
Qc6 Qxa3 28. Be2 Qxb4 29. Bxb5 Qd4 0-1

[Event "Guernsey Open 47th"]
[Site "Guernsey"]
[Date "2023.10.20"]
[Round "6"]
[White "Gormally, Daniel W"]
[Black "Punnett, Alan K"]
[Result "1-0"]
[WhiteElo "2443"]
[BlackElo "2071"]
[PlyCount "61"]
[EventDate "2023.10.15"]
[EventType "swiss"]
[EventRounds "7"]
[EventCountry "GCI"]
[SourceVersionDate "2023.10.28"]

1. e4 e6 2. d4 d5 3. Nd2 Be7 4. Ngf3 Nf6 5. e5 Nfd7 6. Bd3 c5 7. c3 Nc6 8. O-O
f6 9. exf6 Nxf6 10. Re1 O-O 11. Nf1 Qc7 12. Ng3 Bd6 13. Bc2 Bd7 14. Ng5 e5 15.
dxe5 Bxe5 16. Nh5 Bxh2+ 17. Kh1 Rae8 18. Nxf6+ Rxf6 19. Qxd5+ Kh8 20. Rxe8+
Bxe8 21. Be3 Rh6 22. Ne6 Bg1+ 23. Kxg1 Qh2+ 24. Kf1 Rh5 25. Qf3 Qd6 26. Nc7 Bg6
27. Rd1 Rh1+ 28. Ke2 Rxd1 29. Bxd1 Ne5 30. Qd5 Qxc7 31. Bf4 1-0

[Event "Guernsey Open 47th"]
[Site "Guernsey"]
[Date "2023.10.20"]
[Round "6"]
[White "Stockham, Oliver"]
[Black "Hertog, Alexander"]
[Result "1/2-1/2"]
[WhiteElo "1806"]
[BlackElo "1626"]
[PlyCount "67"]
[EventDate "2023.10.15"]
[EventType "swiss"]
[EventRounds "7"]
[EventCountry "GCI"]
[SourceVersionDate "2023.10.28"]

1. e4 c6 2. d4 d5 3. Nd2 dxe4 4. Nxe4 Nd7 5. Bc4 e6 6. Nf3 Ngf6 7. Qe2 Nxe4 8.
Qxe4 Nf6 9. Qe2 Be7 10. O-O O-O 11. a4 Qc7 12. Ne5 Rd8 13. c3 Nd5 14. Bd3 Bf6
15. Bd2 c5 16. Qe4 g6 17. Ng4 Bg7 18. Nh6+ Kf8 19. Rfd1 c4 20. Bf1 b6 21. Qh4
Bb7 22. Ng4 Kg8 23. Bg5 Re8 24. Bf6 Bxf6 25. Nxf6+ Nxf6 26. Qxf6 Bd5 27. Re1
Qe7 28. Qf4 Rab8 29. Re3 b5 30. a5 b4 31. a6 bxc3 32. bxc3 Rb6 33. Ra5 Qd6 34.
Qxd6 1/2-1/2

[Event "Guernsey Open 47th"]
[Site "Guernsey"]
[Date "2023.10.20"]
[Round "6"]
[White "Giulian, Philip M"]
[Black "Thurlow, Kevin J"]
[Result "1/2-1/2"]
[WhiteElo "2081"]
[BlackElo "2020"]
[PlyCount "39"]
[EventDate "2023.10.15"]
[EventType "swiss"]
[EventRounds "7"]
[EventCountry "GCI"]
[SourceVersionDate "2023.10.28"]

1. c4 Nf6 2. Nf3 e6 3. g3 d5 4. Bg2 Be7 5. O-O O-O 6. b3 c5 7. Bb2 Nc6 8. e3 b6
9. Nc3 Bb7 10. cxd5 Nxd5 11. Nxd5 exd5 12. d4 Ba6 13. Re1 c4 14. Nd2 Nb4 15.
bxc4 Nd3 16. Bxd5 Nxb2 17. Qb3 Nxc4 18. Bxc4 Bb7 19. Rac1 Qd7 20. Qb5 1/2-1/2

[Event "Guernsey Open 47th"]
[Site "Guernsey"]
[Date "2023.10.20"]
[Round "6"]
[White "Rosen, Daniel B"]
[Black "Curtis, John E"]
[Result "1/2-1/2"]
[WhiteElo "1981"]
[BlackElo "2021"]
[PlyCount "34"]
[EventDate "2023.10.15"]
[EventType "swiss"]
[EventRounds "7"]
[EventCountry "GCI"]
[SourceVersionDate "2023.10.28"]

1. e4 d6 2. d4 Nf6 3. Nc3 e5 4. dxe5 dxe5 5. Qxd8+ Kxd8 6. Bg5 Be6 7. O-O-O+
Kc8 8. Nf3 Nbd7 9. Bd3 c6 10. h3 Kc7 11. Rhe1 Ne8 12. Nd2 b5 13. Kb1 Nd6 14.
Be3 Be7 15. f4 f6 16. Nf3 Nc4 17. Bxc4 Bxc4 1/2-1/2

[Event "Guernsey Open 47th"]
[Site "Guernsey"]
[Date "2023.10.20"]
[Round "6"]
[White "Browning, Isaac"]
[Black "Rowe, Peter"]
[Result "1-0"]
[WhiteElo "1962"]
[BlackElo "1938"]
[PlyCount "173"]
[EventDate "2023.10.15"]
[EventType "swiss"]
[EventRounds "7"]
[EventCountry "GCI"]
[SourceVersionDate "2023.10.28"]

1. e4 c5 2. Nf3 Nc6 3. d4 cxd4 4. Nxd4 Nf6 5. Nc3 e5 6. Ndb5 h6 7. Nd6+ Bxd6 8.
Qxd6 Qe7 9. Qxe7+ Nxe7 10. Be3 b6 11. f3 O-O 12. O-O-O Rd8 13. Bc4 Bb7 14. Rd6
Rac8 15. Bb3 Bc6 16. Bxh6 Ne8 17. Bg5 Kf8 18. Rd2 f6 19. Be3 Nc7 20. Rhd1 Ke8
21. h4 Ne6 22. h5 Ng8 23. a4 Nh6 24. a5 Nc5 25. Bd5 d6 26. Bxc6+ Rxc6 27. Bxc5
bxc5 28. Nb5 Nf7 29. Nxa7 Ra6 30. Nb5 Rxa5 31. c4 Ke7 32. Kc2 Rd7 33. Rd3 Ra4
34. Kb3 Ra6 35. Kc3 Ng5 36. Rh1 Nf7 37. Rdd1 Rd8 38. Nc7 Ra7 39. Nd5+ Ke8 40.
Ra1 Rdd7 41. Ne3 Ng5 42. Nf5 Rab7 43. Ra6 Rb8 44. Rd1 Nf7 45. Nxd6+ Nxd6 46.
Rdxd6 Rdb7 47. Rd2 Rb3+ 48. Kc2 R3b4 49. Rd3 Kf8 50. b3 Kg8 51. Ra5 Rc8 52. Kc3
Rcb8 53. Kc2 Rc8 54. Kb2 Kh7 55. Ka3 Rb7 56. g4 Kh6 57. Kb2 Kg5 58. Ra6 Kh6 59.
Rad6 Rcc7 60. Rd8 Kg5 61. Ra8 Kh4 62. Ra6 Kg5 63. Ra5 Kf4 64. Kc3 Rb6 65. Rb5
Rbc6 66. Rb8 Re6 67. Kd2 Ra6 68. Kc3 Ra2 69. Rh8 Rh2 70. Rhd8 Rh3 71. b4 cxb4+
72. Kxb4 Rxf3 73. R3d7 Rxd7 74. Rxd7 Rf1 75. Rxg7 Kxe4 76. h6 Rh1 77. h7 Kf4
78. c5 e4 79. c6 e3 80. Re7 e2 81. Rxe2 Rxh7 82. Rc2 Kxg4 83. c7 Rxc7 84. Rxc7
f5 85. Kc3 Kf3 86. Kd3 f4 87. Rf7 1-0

[Event "Guernsey Open 47th"]
[Site "Guernsey"]
[Date "2023.10.20"]
[Round "6"]
[White "Wager, John D"]
[Black "Goris, Ton"]
[Result "1-0"]
[WhiteElo "2047"]
[BlackElo "1881"]
[PlyCount "141"]
[EventDate "2023.10.15"]
[EventType "swiss"]
[EventRounds "7"]
[EventCountry "GCI"]
[SourceVersionDate "2023.10.28"]

1. Nf3 e6 2. c4 c5 3. g3 Nc6 4. Bg2 g6 5. O-O Bg7 6. Nc3 Nge7 7. b3 O-O 8. Bb2
d5 9. Na4 Bxb2 10. Nxb2 b6 11. d4 cxd4 12. Nxd4 Bb7 13. Rc1 Nxd4 14. Qxd4 Nc6
15. Qd2 Qf6 16. cxd5 exd5 17. Nd3 Rad8 18. Qf4 Qd6 19. Rfd1 Rfe8 20. Qxd6 Rxd6
21. Nf4 Kf8 22. e3 Red8 23. Rxd5 Rxd5 24. Bxd5 Rc8 25. Ne2 Na5 26. Bxb7 Rxc1+
27. Nxc1 Nxb7 28. Nd3 Ke7 29. f3 a5 30. e4 f6 31. Kf2 Kd6 32. Ke3 Nd8 33. h4 b5
34. g4 Nc6 35. g5 fxg5 36. hxg5 Nd8 37. f4 Ne6 38. a3 Nd8 39. f5 gxf5 40. exf5
Kd5 41. Kf4 Nc6 42. b4 Kd6 43. bxa5 Nxa5 44. Ne5 Nb7 45. Nf3 Kd5 46. g6 hxg6
47. fxg6 Nd8 48. Kf5 Ne6 49. Ng5 Ng7+ 50. Kf6 Nh5+ 51. Kf7 Ke5 52. Ne6 Kd6 53.
Nf4 Ng3 54. Ne2 Nh5 55. Kf8 Kc5 56. Kg8 b4 57. axb4+ Kxb4 58. Kh7 Nf6+ 59. Kh6
Ng8+ 60. Kg5 Kc5 61. Ng3 Kd6 62. Nf5+ Ke6 63. Nh6 Nf6 64. g7 Ke7 65. Kg6 Ke6
66. Nf5 Ng8 67. Nd4+ Ke7 68. Nc6+ Ke6 69. Kh7 Nf6+ 70. Kh8 Kf7 71. Ne5+ 1-0

[Event "Guernsey Open 47th"]
[Site "Guernsey"]
[Date "2023.10.20"]
[Round "6"]
[White "Strade, Arita"]
[Black "Dilleigh, Stephen P"]
[Result "0-1"]
[WhiteElo "1926"]
[BlackElo "2031"]
[PlyCount "56"]
[EventDate "2023.10.15"]
[EventType "swiss"]
[EventRounds "7"]
[EventCountry "GCI"]
[SourceVersionDate "2023.10.28"]

1. e4 e6 2. d4 d5 3. e5 c5 4. c3 Qb6 5. Bd3 Nc6 6. Nf3 cxd4 7. cxd4 Bd7 8. Bc2
Nb4 9. Nc3 Nxc2+ 10. Qxc2 Qa6 11. Bd2 Ne7 12. Rd1 Nc6 13. a3 Na5 14. Bc1 Rc8
15. Qe2 Qxe2+ 16. Nxe2 Be7 17. O-O O-O 18. b4 Nc4 19. Nc3 a5 20. Bg5 Bxg5 21.
Nxg5 Nxa3 22. Na2 Bb5 23. Rfe1 Nc2 24. bxa5 Nxe1 25. Rxe1 Rc2 26. Nc1 Bc4 27.
f4 Ra8 28. f5 exf5 0-1

[Event "Guernsey Open 47th"]
[Site "Guernsey"]
[Date "2023.10.20"]
[Round "6"]
[White "Hamperl, Fred"]
[Black "Giulian, Rosemary A"]
[Result "1/2-1/2"]
[WhiteElo "1998"]
[BlackElo "1866"]
[PlyCount "109"]
[EventDate "2023.10.15"]
[EventType "swiss"]
[EventRounds "7"]
[EventCountry "GCI"]
[SourceVersionDate "2023.10.28"]

1. e4 e6 2. d4 d5 3. exd5 exd5 4. c4 Bb4+ 5. Nc3 Nf6 6. Bd3 O-O 7. Nge2 c5 8.
O-O dxc4 9. Bxc4 Nc6 10. dxc5 Qxd1 11. Rxd1 Bxc5 12. Bg5 Be6 13. Bxe6 fxe6 14.
Bxf6 gxf6 15. Ne4 Be7 16. Rd7 Rab8 17. g3 Rfd8 18. Rad1 Rxd7 19. Rxd7 f5 20.
N4c3 Kf7 21. Nf4 Ke8 22. Rc7 Nd4 23. Kf1 a6 24. Nce2 Nb5 25. Rc2 Kf7 26. Nd3
Rd8 27. Ne5+ Kf6 28. f4 Rd1+ 29. Kf2 Bd6 30. a4 Nd4 31. Nxd4 Rxd4 32. Nc4 Ke7
33. Ke2 Bb4 34. Ne5 Bd6 35. Nc4 Bb4 36. b3 a5 37. Nb6 Bd6 38. Nc8+ Kd7 39. Nxd6
Rxd6 40. Ke3 Rd1 41. Ke2 Rb1 42. Rc3 Rb2+ 43. Kd3 Rxh2 44. Kc4 Kc6 45. Re3 Rh6
46. Kd4 Kd6 47. Kc4 Kc6 48. b4 axb4 49. Kxb4 Rg6 50. Kc4 h5 51. Kd4 Kd6 52. Rb3
Kc6 53. a5 Kc7 54. Kc5 Rg4 55. Re3 1/2-1/2

[Event "Guernsey Open 47th"]
[Site "Guernsey"]
[Date "2023.10.20"]
[Round "6"]
[White "Gravett, Alan D"]
[Black "Kraft, Karl Heinz"]
[Result "1/2-1/2"]
[WhiteElo "1810"]
[BlackElo "1993"]
[PlyCount "42"]
[EventDate "2023.10.15"]
[EventType "swiss"]
[EventRounds "7"]
[EventCountry "GCI"]
[SourceVersionDate "2023.10.28"]

1. g3 f5 2. d4 Nf6 3. Bg2 g6 4. Nc3 Bg7 5. Bg5 Nc6 6. d5 Ne5 7. e4 fxe4 8. Qd2
c6 9. Bxf6 exf6 10. Nxe4 O-O 11. O-O-O f5 12. Nd6 Qf6 13. dxc6 dxc6 14. Qb4 Be6
15. Qc3 Qe7 16. Qc5 b6 17. Qa3 Rfd8 18. Nh3 Bf8 19. Qc3 Bg7 20. Qa3 Bf8 21. Qc3
Bg7 1/2-1/2

[Event "Guernsey Open 47th"]
[Site "Guernsey"]
[Date "2023.10.20"]
[Round "6"]
[White "Ingham, H William"]
[Black "Kennedy, Craig"]
[Result "0-1"]
[WhiteElo "1787"]
[BlackElo "1797"]
[PlyCount "88"]
[EventDate "2023.10.15"]
[EventType "swiss"]
[EventRounds "7"]
[EventCountry "GCI"]
[SourceVersionDate "2023.10.28"]

1. d4 c5 2. e3 Nf6 3. Nf3 g6 4. c3 Bg7 5. dxc5 Qc7 6. b4 O-O 7. Bb2 b6 8. cxb6
axb6 9. c4 Bb7 10. Nbd2 d5 11. a3 Ne4 12. Bxg7 Kxg7 13. cxd5 Bxd5 14. Nxe4 Bxe4
15. Qd4+ Kg8 16. Be2 Bxf3 17. Bxf3 Rxa3 18. O-O Rc3 19. Rfd1 Rc4 20. Qd2 Rc8
21. g3 e5 22. Bd5 Rc2 23. Qd3 Qe7 24. Qb5 Qf6 25. Rf1 Rb2 26. Ra2 Rxa2 27. Bxa2
Qd6 28. Qa4 Qc6 29. Qb3 Qb7 30. b5 Qe7 31. Qd3 Rd8 32. Bd5 Nd7 33. Rd1 Rf8 34.
e4 Nc5 35. Qd2 Kg7 36. f4 Rd8 37. Qe2 exf4 38. gxf4 Nxe4 39. Bc6 Qc5+ 40. Kg2
Rxd1 41. Qxd1 Qf2+ 42. Kh1 Qxf4 43. Qd4+ Qf6 44. Qxe4 Qf1# 0-1

[Event "Guernsey Open 47th"]
[Site "Guernsey"]
[Date "2023.10.20"]
[Round "6"]
[White "Cheng, Louis"]
[Black "Downey, Keith"]
[Result "1/2-1/2"]
[WhiteElo "1692"]
[BlackElo "1742"]
[PlyCount "80"]
[EventDate "2023.10.15"]
[EventType "swiss"]
[EventRounds "7"]
[EventCountry "GCI"]
[SourceVersionDate "2023.10.28"]

1. e4 c5 2. Nc3 e6 3. Nge2 Nc6 4. d4 cxd4 5. Nxd4 Qc7 6. g3 a6 7. Bg2 d6 8. O-O
Bd7 9. Be3 Nf6 10. h3 Be7 11. Qd2 O-O 12. Rad1 Rac8 13. Nxc6 Bxc6 14. f4 b5 15.
a3 Qb7 16. Qd3 a5 17. b4 axb4 18. axb4 Ra8 19. Ra1 Ra6 20. Rxa6 Qxa6 21. e5
Bxg2 22. Kxg2 Qc6+ 23. Rf3 dxe5 24. fxe5 Nd5 25. Nxd5 exd5 26. c3 Ra8 27. Bd4
Ra2+ 28. Rf2 Rxf2+ 29. Kxf2 h6 30. Qe3 Bg5 31. Qe2 Qd7 32. h4 Be7 33. Kg2 Qc6
34. Qg4 Qe6 35. Kf3 Kf8 36. h5 Bg5 37. Qxe6 fxe6 38. Be3 Bd8 39. Bc5+ Kf7 40.
Ke3 Bc7 1/2-1/2

[Event "Guernsey Open 47th"]
[Site "Guernsey"]
[Date "2023.10.20"]
[Round "6"]
[White "Heppell, Ian N"]
[Black "De Kruif, Kees"]
[Result "1/2-1/2"]
[WhiteElo "1944"]
[BlackElo "1887"]
[PlyCount "29"]
[EventDate "2023.10.15"]
[EventType "swiss"]
[EventRounds "7"]
[EventCountry "GCI"]
[SourceVersionDate "2023.10.28"]

1. e4 c5 2. Nf3 d6 3. Bb5+ Bd7 4. Bxd7+ Nxd7 5. O-O Ngf6 6. Re1 e6 7. c3 Be7 8.
d4 Qc7 9. Bf4 e5 10. Bg3 O-O 11. Nbd2 b5 12. Rc1 a6 13. h3 Rfe8 14. Qe2 g6 15.
Qd3 1/2-1/2

[Event "Guernsey Open 47th"]
[Site "Guernsey"]
[Date "2023.10.20"]
[Round "6"]
[White "Kirk, Matthew"]
[Black "Dijksterhuis, Rolf"]
[Result "1/2-1/2"]
[WhiteElo "1747"]
[BlackElo "1872"]
[PlyCount "44"]
[EventDate "2023.10.15"]
[EventType "swiss"]
[EventRounds "7"]
[EventCountry "GCI"]
[SourceVersionDate "2023.10.28"]

1. d4 d5 2. c4 c6 3. cxd5 cxd5 4. Bf4 Nc6 5. e3 Nf6 6. Nc3 a6 7. Rc1 e6 8. Bd3
Be7 9. h3 O-O 10. Nf3 b5 11. O-O Bb7 12. a3 Rc8 13. b4 h6 14. Nd2 Bd6 15. Bxd6
Qxd6 16. Nb3 Nd7 17. Nc5 Nxc5 18. bxc5 Qe7 19. Rb1 Rfd8 20. Qb3 Na5 21. Qb4 Nc6
22. Qb3 Na5 1/2-1/2

[Event "Guernsey Open 47th"]
[Site "Guernsey"]
[Date "2023.10.20"]
[Round "6"]
[White "Murray, J Stephen"]
[Black "Morgan, Jamie"]
[Result "0-1"]
[WhiteElo "1702"]
[BlackElo "1774"]
[PlyCount "154"]
[EventDate "2023.10.15"]
[EventType "swiss"]
[EventRounds "7"]
[EventCountry "GCI"]
[SourceVersionDate "2023.10.28"]

1. e4 c5 2. Be2 g6 3. f4 Bg7 4. Nf3 Nc6 5. O-O d6 6. c3 Nf6 7. d3 O-O 8. Kh1 c4
9. Be3 cxd3 10. Bxd3 Nd7 11. Nbd2 Nc5 12. Bc2 b6 13. Rb1 Ba6 14. Rf2 Nd3 15.
Bxd3 Bxd3 16. Rc1 Rc8 17. Ne1 Ba6 18. Ndf3 Na5 19. Bd4 Bh6 20. g3 e5 21. Be3
Nc4 22. Qe2 Bb7 23. Nd2 Qc7 24. b3 Nxd2 25. Bxd2 f5 26. fxe5 Bxd2 27. Qxd2
Bxe4+ 28. Kg1 dxe5 29. c4 Rfd8 30. Qe2 Rd4 31. Nc2 Bxc2 32. Rxc2 Rcd8 33. Qe3
Qc5 34. Kg2 Rd3 35. Qe2 Re3 36. Qf1 Qc6+ 37. Kg1 Red3 38. Rce2 e4 39. Re1 Qc5
40. Kg2 Qc6 41. Kg1 Qd6 42. Qg2 Qd4 43. Qf1 Rd2 44. Kg2 Qxf2+ 45. Qxf2 Rxf2+
46. Kxf2 Rd2+ 47. Ke3 Rxh2 48. b4 Kf7 49. c5 bxc5 50. bxc5 Rxa2 51. g4 Rc2 52.
Kd4 Ke6 53. gxf5+ gxf5 54. Rh1 Rd2+ 55. Kc4 Rc2+ 56. Kd4 Rd2+ 57. Kc4 e3 58.
Kc3 Rd5 59. Rh6+ Ke5 60. Rxh7 Rxc5+ 61. Kd3 f4 62. Rxa7 Rd5+ 63. Ke2 Ke4 64.
Re7+ Re5 65. Rf7 Rg5 66. Re7+ Kd5 67. Rd7+ Ke6 68. Rd8 Rg2+ 69. Kf1 Ra2 70. Rb8
Kf5 71. Rb5+ Kg4 72. Rb4 Kf3 73. Rb1 Kg3 74. Rb3 f3 75. Rxe3 Ra1+ 76. Re1 Rxe1+
77. Kxe1 Kg2 0-1

[Event "Guernsey Open 47th"]
[Site "Guernsey"]
[Date "2023.10.21"]
[Round "7"]
[White "Grieve, Harry"]
[Black "Stockham, Oliver"]
[Result "1-0"]
[WhiteElo "2458"]
[BlackElo "1806"]
[PlyCount "65"]
[EventDate "2023.10.15"]
[EventType "swiss"]
[EventRounds "7"]
[EventCountry "GCI"]
[SourceVersionDate "2023.10.28"]

1. e4 e5 2. Nf3 Nc6 3. Bc4 Nf6 4. Ng5 Bc5 5. Bxf7+ Ke7 6. Bb3 Rf8 7. d3 h6 8.
Nf3 d6 9. Be3 Bb6 10. h3 Be6 11. Bxe6 Kxe6 12. Nbd2 Kf7 13. Nc4 Kg8 14. O-O Qe8
15. a4 d5 16. exd5 Nxd5 17. Bxb6 Nxb6 18. Nxb6 axb6 19. Re1 Qf7 20. Qd2 Qf6 21.
Re4 b5 22. a5 b4 23. Qe1 Nd4 24. Nxd4 exd4 25. f3 c5 26. Re6 Qd8 27. Qe5 Rxa5
28. Rxa5 Qxa5 29. Re7 Rf6 30. Re8+ Kf7 31. Qe7+ Kg6 32. Rg8 Qa6 33. Rxg7+ 1-0

[Event "Guernsey Open 47th"]
[Site "Guernsey"]
[Date "2023.10.21"]
[Round "7"]
[White "Thurlow, Kevin J"]
[Black "Gormally, Daniel W"]
[Result "0-1"]
[WhiteElo "2020"]
[BlackElo "2443"]
[PlyCount "108"]
[EventDate "2023.10.15"]
[EventType "swiss"]
[EventRounds "7"]
[EventCountry "GCI"]
[SourceVersionDate "2023.10.28"]

1. c4 e5 2. Nc3 Bb4 3. Nd5 a5 4. a3 Bc5 5. e3 Nf6 6. Qc2 Nxd5 7. cxd5 d6 8. b3
c6 9. dxc6 Nxc6 10. Bb2 O-O 11. Nf3 Qe7 12. Bc4 Be6 13. Bxe6 fxe6 14. O-O Bb6
15. Rad1 Rac8 16. Qb1 h6 17. d4 exd4 18. Nxd4 Bxd4 19. Bxd4 e5 20. Bb2 Qe6 21.
Qd3 Rcd8 22. Qd5 Qxd5 23. Rxd5 Kf7 24. Rfd1 Ke6 25. Kf1 Rd7 26. e4 g5 27. h3 h5
28. Ke2 g4 29. hxg4 hxg4 30. Rh1 Rdf7 31. Rf1 Rf4 32. f3 gxf3+ 33. gxf3 Rh4 34.
Rf2 Rh1 35. Rd2 Ne7 36. a4 Ng6 37. Rc2 Nf4+ 38. Ke3 d5 39. exd5+ Nxd5+ 40. Ke2
Nf4+ 41. Ke3 Re1+ 42. Kd2 Rb1 43. Ke3 Nd5+ 44. Ke2 Rg8 45. Rh2 Nf4+ 46. Kf2 Kf5
47. Rd2 Rgg1 48. Ke3 Rbe1+ 49. Kf2 Rgf1+ 50. Kg3 Re3 51. Rhf2 Rg1+ 52. Kh2 Ree1
53. Bc3 Rh1+ 54. Kg3 Rh3# 0-1

[Event "Guernsey Open 47th"]
[Site "Guernsey"]
[Date "2023.10.21"]
[Round "7"]
[White "Hertog, Alexander"]
[Black "Arkell, Keith C"]
[Result "0-1"]
[WhiteElo "1626"]
[BlackElo "2355"]
[PlyCount "60"]
[EventDate "2023.10.15"]
[EventType "swiss"]
[EventRounds "7"]
[EventCountry "GCI"]
[SourceVersionDate "2023.10.28"]

1. d4 Nf6 2. c4 e6 3. Nf3 Bb4+ 4. Bd2 Bxd2+ 5. Nbxd2 d6 6. g3 Qe7 7. Qc2 e5 8.
e4 O-O 9. Bg2 Bg4 10. O-O Bxf3 11. Nxf3 Nc6 12. d5 Nb8 13. b4 a5 14. a3 Nbd7
15. Nh4 g6 16. Qc3 c6 17. dxc6 bxc6 18. Rfd1 Rfd8 19. Bf3 Nf8 20. Re1 Ne6 21.
Bg2 Nd4 22. Rab1 axb4 23. axb4 Ra2 24. Rb2 Qa7 25. Qd2 Rxb2 26. Qxb2 Rb8 27.
Qc3 Qa2 28. Bf3 Ra8 29. Qc1 Qb3 30. Qg5 Nxf3+ 0-1

[Event "Guernsey Open 47th"]
[Site "Guernsey"]
[Date "2023.10.21"]
[Round "7"]
[White "Dilleigh, Stephen P"]
[Black "Browning, Isaac"]
[Result "1-0"]
[WhiteElo "2031"]
[BlackElo "1962"]
[PlyCount "33"]
[EventDate "2023.10.15"]
[EventType "swiss"]
[EventRounds "7"]
[EventCountry "GCI"]
[SourceVersionDate "2023.10.28"]

1. Nf3 Nf6 2. c4 g6 3. Nc3 Bg7 4. e4 e5 5. Nxe5 O-O 6. Nf3 Re8 7. Bd3 Nxe4 8.
Bxe4 Bxc3 9. dxc3 Rxe4+ 10. Be3 Nc6 11. c5 Qe7 12. O-O b6 13. Qd5 Ba6 14. Rfd1
Rd8 15. Bg5 Qe8 16. Bxd8 Be2 17. Bxc7 1-0

[Event "Guernsey Open 47th"]
[Site "Guernsey"]
[Date "2023.10.21"]
[Round "7"]
[White "Collier, David O"]
[Black "Wager, John D"]
[Result "1-0"]
[WhiteElo "1968"]
[BlackElo "2047"]
[PlyCount "61"]
[EventDate "2023.10.15"]
[EventType "swiss"]
[EventRounds "7"]
[EventCountry "GCI"]
[SourceVersionDate "2023.10.28"]

1. d4 d5 2. c4 c6 3. e3 Nf6 4. Nc3 e6 5. Nf3 Nbd7 6. Qc2 Be7 7. b3 O-O 8. Bd3
h6 9. O-O b6 10. Rd1 Bb7 11. Bb2 Qc7 12. Rac1 Rac8 13. Qe2 Qb8 14. e4 dxe4 15.
Nxe4 Nxe4 16. Bxe4 Rfe8 17. Bb1 Bf6 18. Ne5 Nxe5 19. dxe5 Be7 20. Rd3 Qc7 21.
Rg3 Bf8 22. h4 g6 23. h5 g5 24. f4 Qe7 25. fxg5 hxg5 26. Qc2 Bg7 27. Rg4 Rcd8
28. Re1 Rd7 29. h6 Qc5+ 30. Kh1 f5 31. exf6 1-0

[Event "Guernsey Open 47th"]
[Site "Guernsey"]
[Date "2023.10.21"]
[Round "7"]
[White "Kraft, Karl Heinz"]
[Black "Campbell, Ian"]
[Result "1-0"]
[WhiteElo "1993"]
[BlackElo "1920"]
[PlyCount "82"]
[EventDate "2023.10.15"]
[EventType "swiss"]
[EventRounds "7"]
[EventCountry "GCI"]
[SourceVersionDate "2023.10.28"]

1. e4 g6 2. d4 Bg7 3. Nc3 d6 4. Bg5 h6 5. Bh4 Nd7 6. f4 c5 7. d5 Qa5 8. Qd2 a6
9. Nf3 Qb4 10. O-O-O Bxc3 11. Qxc3 Qxc3 12. bxc3 Ngf6 13. e5 Ne4 14. Re1 Nxc3
15. exd6 Nxd5 16. Bxe7 Rh7 17. Bd3 c4 18. Bxc4 N7b6 19. Ne5 Nxc4 20. Nxc4 Be6
21. Bh4 Kd7 22. Rd1 b5 23. Rxd5 bxc4 24. Rc5 Kxd6 25. Bf2 Rc8 26. Rd1+ Ke7 27.
Rxc8 Bxc8 28. Bc5+ Ke6 29. Rd8 Bb7 30. g4 f5 31. Rd6+ Kf7 32. gxf5 gxf5 33. Bd4
Ke7 34. Rf6 Be4 35. Rxa6 Kd8 36. Kd2 h5 37. Kc3 Kc8 38. Be5 Kb7 39. Ra4 Bd5 40.
Bd4 Rd7 41. Ra7+ Kc6 1-0

[Event "Guernsey Open 47th"]
[Site "Guernsey"]
[Date "2023.10.21"]
[Round "7"]
[White "Kennedy, Craig"]
[Black "Hamperl, Fred"]
[Result "1/2-1/2"]
[WhiteElo "1797"]
[BlackElo "1998"]
[PlyCount "45"]
[EventDate "2023.10.15"]
[EventType "swiss"]
[EventRounds "7"]
[EventCountry "GCI"]
[SourceVersionDate "2023.10.28"]

1. d4 Nf6 2. Nc3 d5 3. Bf4 c6 4. e3 Bf5 5. Nf3 e6 6. Bd3 Bb4 7. Bxf5 Bxc3+ 8.
bxc3 exf5 9. O-O Ne4 10. Bxb8 Rxb8 11. Qd3 O-O 12. c4 dxc4 13. Qxc4 Qd5 14. Qd3
b5 15. Nd2 Rfc8 16. f3 Nxd2 17. Qxd2 c5 18. c3 b4 19. Rac1 bxc3 20. Qxc3 g6 21.
dxc5 Qxa2 22. Rf2 Qb3 23. Qd4 1/2-1/2

[Event "Guernsey Open 47th"]
[Site "Guernsey"]
[Date "2023.10.21"]
[Round "7"]
[White "Giulian, Rosemary A"]
[Black "Santos, Joao Artur Almeida"]
[Result "1/2-1/2"]
[WhiteElo "1866"]
[BlackElo "1964"]
[PlyCount "44"]
[EventDate "2023.10.15"]
[EventType "swiss"]
[EventRounds "7"]
[EventCountry "GCI"]
[SourceVersionDate "2023.10.28"]

1. e4 c5 2. c3 d5 3. exd5 Qxd5 4. d4 Nf6 5. Nf3 e6 6. Bd3 Be7 7. Na3 Nc6 8. Nc2
cxd4 9. Ncxd4 Nxd4 10. cxd4 Bb4+ 11. Bd2 Bxd2+ 12. Qxd2 O-O 13. O-O b6 14. Rad1
Bb7 15. b3 Rfd8 16. Rc1 Rac8 17. Rxc8 Rxc8 18. Rc1 g6 19. Rxc8+ Bxc8 20. Qf4
Kg7 21. Ne5 Qb7 22. Ng4 Nxg4 1/2-1/2

[Event "Guernsey Open 47th"]
[Site "Guernsey"]
[Date "2023.10.21"]
[Round "7"]
[White "Rowe, Peter"]
[Black "Gravett, Alan D"]
[Result "1/2-1/2"]
[WhiteElo "1938"]
[BlackElo "1810"]
[PlyCount "31"]
[EventDate "2023.10.15"]
[EventType "swiss"]
[EventRounds "7"]
[EventCountry "GCI"]
[SourceVersionDate "2023.10.28"]

1. d4 Nf6 2. Bf4 g6 3. e3 Bg7 4. Be2 O-O 5. Nf3 d6 6. h3 c5 7. c3 cxd4 8. exd4
Nbd7 9. Bh2 a6 10. O-O b5 11. a4 bxa4 12. Qxa4 Qb6 13. b4 Bb7 14. Qa5 Qxa5 15.
Rxa5 Nd5 16. Ra3 1/2-1/2

[Event "Guernsey Open 47th"]
[Site "Guernsey"]
[Date "2023.10.21"]
[Round "7"]
[White "Morgan, Jamie"]
[Black "Cheng, Louis"]
[Result "1/2-1/2"]
[WhiteElo "1774"]
[BlackElo "1692"]
[PlyCount "37"]
[EventDate "2023.10.15"]
[EventType "swiss"]
[EventRounds "7"]
[EventCountry "GCI"]
[SourceVersionDate "2023.10.28"]

1. e4 c5 2. Nc3 g6 3. f4 Bg7 4. Nf3 Nc6 5. a4 d6 6. Bb5 e6 7. e5 d5 8. d4 cxd4
9. Ne2 a6 10. Bd3 Nge7 11. Nexd4 O-O 12. O-O Nxd4 13. Nxd4 Nc6 14. c3 Nxd4 15.
cxd4 Bd7 16. Bd2 Qb6 17. Bc3 a5 18. Kh1 Rfc8 19. Qd2 1/2-1/2